| 000 | 00514nam a22001697a 4500 | ||
|---|---|---|---|
| 005 | 20251108163331.0 | ||
| 008 | 250721s1987 xx 000 0 ara d | ||
| 082 | 1 | 4 | _a131.3خلي |
| 100 | 1 | _aفاضل، خليل | |
| 245 | 1 | 0 | _aالصحة النفسية للأسرة / |
| 264 | 1 |
_aجده : _bالدار السعودية للنشر والتوزيع، _c1987. |
|
| 300 | _a279 ص: مص | ||
| 650 | 1 | 7 | _aالصحة النفسية |
| 650 | 1 | 7 | _aعلم النفس الفسيولوجي |
| 942 |
_2ddc _cBK |
||
| 999 |
_c62 _d62 |
||